Score 0/10 Timer 02:00
2 Plays Today
% Correct
Adjective
92.2%
Noun
92.1%
Verb
90.6%
Adverb
87.3%
Conjunction
87.2%
Pronoun
87%
Proper Noun
86.8%
Interjection
86.1%
Article
85.7%
Preposition
77.1%
Remove Ads.
Support Sporcle.
Get the best of Sporcle when you Go Orange. This ad-free experience offers more features, more stats, and more fun while also helping to support Sporcle. Thank you for becoming a member.

You're not logged in!

Compare scores with friends on all Sporcle quizzes.
OR
Log In

Show Comments

Extras

Top Quizzes Today


Score Distribution

Your Account Isn't Verified!

In order to create a playlist on Sporcle, you need to verify the email address you used during registration. Go to your Sporcle Settings to finish the process.

Report this User

Report this user for behavior that violates our Community Guidelines.

Details: